An introductory view of management

Đã lưu trong:
Bibliografiske detaljer
Hovedforfatter: Drucker, Peter F.
Format: Bog
Sprog:Undetermined
Udgivet: New York Harper & Row 1974
Fag:
Tags: Tilføj Tag
Ingen Tags, Vær først til at tagge denne postø!
Thư viện lưu trữ: Trung tâm Học liệu Trường Đại học Cần Thơ
LEADER 00469nam a2200181Ia 4500
001 CTU_86688
008 210402s9999 xx 000 0 und d
082 |a 658.4 
082 |b D794 
100 |a Drucker, Peter F. 
245 3 |a An introductory view of management 
245 0 |c Peter F. Drucker 
260 |a New York 
260 |b Harper & Row 
260 |c 1974 
650 |a Management 
904 |i Năm 
980 |a Trung tâm Học liệu Trường Đại học Cần Thơ